000 00564nam a22001577a 4500
003 OSt
005 20150927155912.0
008 150927b xxu||||| |||| 00| 0 eng d
040 _cRUA
082 _aATM.Sp CHH 2003 B058 Or.1
100 _91441
_aCHHEANG, TIVA.
245 _aRubber exploitation at boeung ket rubber plantation, ការធ្វើអាជីវកម្មចៀរជ័រកៅស៊ូ នៅនៅចំការកៅស៊ូបឹងកេត​
260 _aPhnom Penh
_bRUA
_c2003
300 _a47p.
_bill.
_c29cm.
942 _2ddc
_cATMSP
999 _c1354
_d1354